| 000 | 00409nam a2200181Ia 4500 | ||
|---|---|---|---|
| 005 | 20240823040522.0 | ||
| 008 | 240823s9999||||xx |||||||||||||| ||und|| | ||
| 041 | _aENGLISH | ||
| 082 | _A133.3092 Q2 | ||
| 100 | _aKrishnakanth | ||
| 245 | 0 | _aNastardamaas Sonaar Nadanthathu | |
| 250 | _a1st | ||
| 260 |
_c2012 _bSixth |
||
| 500 | _aYES | ||
| 650 |
_aGeneral _bGeneral |
||
| 942 | _cBK | ||
| 999 |
_c203301 _d203301 |
||